[Event "Challenge"]
[Site "http://www.queenalice.com/game.php?id=583535"]
[Date "2009.5.5"]
[Round "-"]
[White "micha"]
[Black "KaspaBranca"]
[Result "1-0"]
[WhiteElo "1992"]
[BlackElo "2142"]

1. e4 e6 2. Nf3 c5 3. c4 Nc6 4. d3 d5 5. exd5 exd5 6. Qe2+ Be7 7. Ne5 Nd4 8. Qd2
Bd6 9. Nf3 Qe7+ 10. Be2 Bf4 11. Qd1 Bxc1 12. Nxd4 Bxb2 13. Nb3 Bg4 14. f3 Bf5
15. O-O Bxa1 16. Nxa1 dxc4 17. Re1 Qe3+ 18. Kh1 O-O-O 19. Nc2 Qf2 20. Rf1 cxd3
21. Rxf2 dxc2 22. Qxc2 1-0

[Event "Challenge"]
[Site "http://www.queenalice.com/game.php?id=583537"]
[Date "2009.5.5"]
[Round "-"]
[White "KaspaBranca"]
[Black "micha"]
[Result "0-1"]
[WhiteElo "2125"]
[BlackElo "2014"]

1. d4 d5 2. c4 Nc6 3. Nf3 e6 4. Nc3 Bb4 5. e3 Nf6 6. Qc2 Bxc3+ 7. bxc3 O-O 8.
Ba3 Re8 9. Be2 a6 10. O-O dxc4 11. Ne5 Na5 12. Bb4 Qd5 13. Bf3 Qb5 14. Rfb1 Re7
15. Bxe7 Qe8 16. Bb4 Nc6 17. Nxc6 bxc6 18. Qa4 Bd7 19. Ba5 Nd5 20. Qxc4 Ra7 21.
Qb3 g6 22. Qb8 Qxb8 0-1

[Event "Let's Play Chess!"]
[Site "http://www.queenalice.com/game.php?id=586818"]
[Date "2009.5.11"]
[Round "-"]
[White "yanpom"]
[Black "micha"]
[Result "1/2-1/2"]
[WhiteElo "1899"]
[BlackElo "2018"]

1. e4 e5 2. Nf3 Nc6 3. Bc4 h6 4. O-O Bc5 5. d3 d6 6. h3 Qf6 7. Nc3 Nd4 8. Nxd4
Bxd4 9. Nd5 Qd8 10. c3 Bb6 11. Qf3 Qd7 12. Nxb6 axb6 13. d4 Qe7 14. dxe5 dxe5
15. Rd1 Nf6 16. a4 O-O 17. Bd3 Be6 18. b4 Rfd8 19. Qg3 Nxe4 20. Qxe5 f5 21. Bf4
Rd7 22. Bxe4 Rxd1+ 23. Rxd1 fxe4 24. Qxe4 c6 25. Re1 Re8 26. Be3 Bd5 27. Qxe7
Rxe7 28. Bd2 Rxe1+ 29. Bxe1 Bb3 30. a5 bxa5 31. bxa5 Kf7 32. f4 h5 33. Kf2 g6
34. Ke3 Bc4 35. h4 Ke6 36. Kd4 Ba6 37. Kc5 Kf5 38. g3 Ke4 39. Kb6 Kf5 40. Kc5
Kg4 41. Kd4 Kf5 42. Ke3 Bc4 43. Kd4 Ba6 44. Kc5 Kg4 45. Kd6 Kf5 46. Ke7 Bc4
1/2-1/2

[Event "Let's Play Chess!"]
[Site "http://www.queenalice.com/game.php?id=586820"]
[Date "2009.5.11"]
[Round "-"]
[White "micha"]
[Black "yanpom"]
[Result "0-1"]
[WhiteElo "2058"]
[BlackElo "1857"]

1. e4 e5 2. Nf3 Nc6 3. Bb5 a6 4. Bxc6 dxc6 5. d3 Bd6 6. Nbd2 Nf6 7. Nc4 b5 8.
Ncxe5 Bxe5 9. Nxe5 Bb7 10. Be3 O-O 11. O-O Nd7 12. Nxd7 Qxd7 13. f4 f5 14. Bc5
Rf7 15. e5 Re8 16. c3 Qd5 17. d4 Rd8 18. Qd3 Qxc5 19. Rf3 Qe7 20. Re1 c5 21.
Rfe3 cxd4 22. cxd4 Be4 23. Rxe4 fxe4 24. Qxe4 Qb4 0-1

[Event "Let's Play Chess!"]
[Site "http://www.queenalice.com/game.php?id=596308"]
[Date "2009.5.31"]
[Round "-"]
[White "yanpom"]
[Black "micha"]
[Result "0-1"]
[WhiteElo "1827"]
[BlackElo "1990"]

1. e4 e5 2. Nf3 d6 3. d4 f6 4. dxe5 fxe5 5. Nxe5 dxe5 6. Qh5+ Kd7 7. Bb5+ c6 8.
O-O Qe7 9. Rd1+ Kc7 10. Bc4 Nf6 11. Qe2 Bg4 12. f3 Bh5 13. Bg5 h6 14. Bh4 g5 15.
Bg3 Nbd7 16. Nc3 Rd8 17. Bf2 b5 18. Bb3 Kb7 19. Nxb5 cxb5 20. Qxb5+ Nb6 21. a4
Rxd1+ 22. Rxd1 Qe8 23. Bd5+ Nxd5 24. Rxd5 Qxb5 25. Rxb5 Be8 26. Rxe5 Bxa4 27. b3
Bd7 28. c4 Bd6 29. Ra5 Bb4 30. Ra1 Rc8 31. Rd1 Bc5 32. Bxc5 Rxc5 33. Rd6 Rc6 34.
Rd3 a5 35. Kf2 h5 36. h3 h4 37. g4 Kc7 38. Ke3 Be6 39. Rd1 Nd7 40. Ra1 Kb6 41.
Rd1 Nc5 42. Rb1 Na6 43. Kd4 Rd6+ 44. Ke5 Rc6 45. Rd1 Nc5 46. Rd8 Nd7+ 47. Kd4
Rc5 48. Kc3 Ne5 49. Rf8 Bxc4 50. bxc4 Rxc4+ 51. Kb3 Rd4 52. Rb8+ Kc7 53. Rb5
Nxf3 54. Rxa5 Rxe4 55. Kc2 Re2+ 56. Kd3 Rh2 57. Ke3 Rxh3 58. Kf2 Nd2 59. Ra2
Rh2+ 60. Kg1 Nf3+ 0-1

[Event "Let's Play Chess!"]
[Site "http://www.queenalice.com/game.php?id=596309"]
[Date "2009.5.31"]
[Round "-"]
[White "micha"]
[Black "yanpom"]
[Result "1/2-1/2"]
[WhiteElo "1999"]
[BlackElo "1818"]

1. e4 e5 2. Nf3 Nc6 3. a3 Nf6 4. Nc3 a5 5. Bc4 Bc5 6. d3 h6 7. Bb5 d6 8. h3 O-O
9. Bc4 Be6 10. Be3 Ba7 11. Ba2 Bxe3 12. fxe3 Bxa2 13. Rxa2 d5 14. exd5 Nxd5 15.
Nxd5 Qxd5 16. c4 Qd6 17. O-O Rad8 18. Ne1 Qg6 19. b3 Ne7 20. e4 f5 21. exf5 Nxf5
22. Rf3 Nd4 23. Rxf8+ Rxf8 24. Rf2 Rxf2 25. Kxf2 Qf5+ 26. Kg1 Qg5 27. Kh1 Nf5
28. Nf3 Qg3 29. b4 Ne3 30. Qe2 Qf4 31. Ne1 Qf1+ 32. Qxf1 Nxf1 33. Kg1 Nd2 34.
Kf2 axb4 35. axb4 Nb3 36. Nf3 Nd4 37. Nxe5 Kf8 38. b5 Ke7 39. Ke3 Nf5+ 40. Kf4
Nd4 41. Ke4 Ne6 42. Nf3 Nc5+ 43. Ke3 Ke6 44. g4 Nd7 45. Nd4+ Ke5 46. Nf5 Kf6 47.
Ng3 Kg5 48. Ne4+ Kh4 49. Nf2 Kg3 50. d4 Nf8 51. d5 Ng6 52. c5 Nf4 53. d6 cxd6
54. cxd6 Ne6 55. d7 b6 56. Ke2 Nd8 57. Kf1 Ne6 58. Ke2 Nd8 59. Kf1 Ne6 60. Ke2
1/2-1/2

[Event "Challenge"]
[Site "http://www.queenalice.com/game.php?id=600522"]
[Date "2009.6.8"]
[Round "-"]
[White "Bergman"]
[Black "micha"]
[Result "1-0"]
[WhiteElo "2656"]
[BlackElo "1992"]

1. Nf3 d6 2. g3 c6 3. Bg2 Nf6 4. c4 Qb6 5. Nc3 Be6 6. d3 Ng4 7. O-O Nd7 8. Ng5
Bf5 9. e4 Bg6 10. Qxg4 Ne5 11. Qe2 h6 12. Be3 Qc7 13. d4 Nd7 14. Nh3 Nf6 15. Nf4
Bh7 16. Rad1 O-O-O 17. e5 dxe5 18. dxe5 Rxd1 19. Rxd1 Qxe5 20. Bb6 Qxe2 21. Rd8#
1-0

[Event "Challenge"]
[Site "http://www.queenalice.com/game.php?id=600534"]
[Date "2009.6.8"]
[Round "-"]
[White "micha"]
[Black "Bergman"]
[Result "0-1"]
[WhiteElo "1994"]
[BlackElo "2647"]

1. e4 c6 2. b3 d5 3. e5 Bf5 4. Bb2 Nd7 5. d4 e6 6. Nf3 Be7 7. h3 Nh6 8. Be2 O-O
9. O-O f6 10. Bc1 fxe5 11. Nxe5 Nxe5 12. Bxh6 gxh6 13. dxe5 Bc5 14. Qd2 Qh4 15.
Bf3 Bxh3 16. g3 Qxg3+ 0-1

[Event "Challenge"]
[Site "http://www.queenalice.com/game.php?id=639397"]
[Date "2009.8.20"]
[Round "-"]
[White "KaspaBranca"]
[Black "micha"]
[Result "1-0"]
[WhiteElo "2099"]
[BlackElo "2023"]

1. d4 e6 2. e4 d6 3. Nf3 Ne7 4. Nc3 d5 5. Qd3 dxe4 6. Nxe4 Nd5 7. a3 a6 8. c4
Nb6 9. Be2 Be7 10. O-O O-O 11. Bf4 f5 12. Nc3 Bf6 13. Rfe1 Nc6 14. d5 exd5 15.
Nxd5 Nxd5 16. Qxd5+ Qxd5 17. cxd5 Nd4 18. Nxd4 Bxd4 19. d6 Bxb2 20. Ra2 Bc3 21.
Rc1 Ba5 22. dxc7 Be6 23. Rac2 Bc8 24. Bc4+ Kh8 25. Re2 Bd7 26. Re7 Bc6 27. Be5
Rf6 28. Bxf6 gxf6 29. Be6 f4 30. c8=R+ Rxc8 31. Bxc8 Bd8 32. Rf7 Kg8 33. Be6 Ba5
34. Rxb7+ 1-0

[Event "Challenge"]
[Site "http://www.queenalice.com/game.php?id=639398"]
[Date "2009.8.20"]
[Round "-"]
[White "micha"]
[Black "KaspaBranca"]
[Result "0-1"]
[WhiteElo "2010"]
[BlackElo "2098"]

1. e4 e6 2. Nf3 c5 3. c4 Nc6 4. d3 d5 5. cxd5 exd5 6. Qe2 Nge7 7. exd5 Qxd5 8.
Nc3 Qd8 9. Qe3 Nd4 10. Kd2 Be6 11. Be2 Nef5 12. Qe4 Be7 13. Nxd4 cxd4 14. Nb1
Qa5+ 15. Kd1 Bd5 16. Qg4 h5 17. Qh3 Be6 18. Qf3 Rc8 19. Nd2 Nd6 20. b3 Qc3 21.
Rb1 Qc2+ 22. Ke1 Qxb1 23. Nxb1 Rxc1+ 24. Bd1 Bg4 25. Nd2 Nb5 26. Ne4 Bxf3 27.
gxf3 f5 28. Kd2 Ba3 29. Ng5 Ra1 30. Re1+ Kd7 31. Re5 Bc1+ 32. Ke1 Nc3 33. Nf7
Bf4 34. Rd5+ Ke6 0-1

[Event "Let's Play Chess!"]
[Site "http://www.queenalice.com/game.php?id=644791"]
[Date "2009.8.30"]
[Round "-"]
[White "yanpom"]
[Black "micha"]
[Result "1-0"]
[WhiteElo "2052"]
[BlackElo "2022"]

1. e4 e5 2. Nf3 d6 3. d4 exd4 4. Nxd4 Qe7 5. Bd3 Nf6 6. O-O Qe5 7. Nf3 Qh5 8. e5
Ng4 9. exd6 Bxd6 10. Re1+ Be6 11. h3 Ne5 12. Nxe5 Qxd1 13. Rxd1 Bxe5 14. Re1 Bd4
15. c3 Bb6 16. Bf5 Kd7 17. Bxe6+ fxe6 18. Be3 Nc6 19. Bxb6 axb6 20. a3 Ra5 21.
b4 Rf5 22. Nd2 Rhf8 23. Nf3 R8f6 24. Rad1+ Ke7 25. Rd2 Rd5 26. Rxd5 1-0

[Event "Let's Play Chess!"]
[Site "http://www.queenalice.com/game.php?id=644792"]
[Date "2009.8.30"]
[Round "-"]
[White "micha"]
[Black "yanpom"]
[Result "1-0"]
[WhiteElo "2007"]
[BlackElo "1998"]

1. e4 e5 2. Nf3 Nc6 3. Bb5 a6 4. Bxc6 dxc6 5. d3 Bd6 6. Nbd2 Nf6 7. Nc4 Qe7 8.
O-O O-O 9. b3 b5 10. Na5 c5 11. Bb2 Bg4 12. Nc6 Qe8 13. Ncxe5 Bxe5 14. Bxe5 Bxf3
15. Qxf3 Qxe5 16. Qh3 Qc3 17. Rfc1 c4 18. Qg3 Rac8 19. h3 Qd4 20. Qf3 cxb3 21.
axb3 Ra8 22. c3 Qd7 23. e5 Nd5 24. d4 Nb6 25. Qb7 Rfb8 26. Qf3 a5 27. Re1 a4 28.
bxa4 bxa4 29. Reb1 a3 30. Ra2 Nc4 31. Rxb8+ Rxb8 32. Qe2 Rb2 33. Qxc4 Rxa2 34.
Qxa2 Qa4 35. Kh2 Qa5 36. Qb3 g6 37. e6 fxe6 38. Qxe6+ Kg7 39. Qe7+ Kh6 40. Qf8+
Kg5 41. f4+ Kh5 42. g4+ 1-0

[Event "Challenge"]
[Site "http://www.queenalice.com/game.php?id=871880"]
[Date "2010.12.14"]
[Round "-"]
[White "filomenos"]
[Black "micha"]
[Result "0-1"]
[WhiteElo "1973"]
[BlackElo "1998"]

1. d4 d5 2. g3 Nc6 3. Bg2 Bf5 4. c3 e6 5. Nf3 h6 6. Bf4 Bd6 7. Bxd6 Qxd6 8. Nbd2
Nf6 9. O-O g5 10. Nb3 b6 11. Re1 Ke7 12. Nfd2 h5 13. e4 dxe4 14. Nxe4 Nxe4 15.
Bxe4 Bxe4 16. Rxe4 Qd5 17. Qe2 h4 18. Re1 Rh6 19. g4 h3 20. f3 Kd7 21. Qc2 Kc8
22. Qd3 a5 23. Ra1 Kb7 24. Nd2 f5 25. Re2 fxg4 26. fxg4 Rf8 27. Qg3 Rf4 28. b3
Rh4 29. c4 Qxd4+ 30. Kh1 Qxa1+ 31. Qe1 Qxe1+ 32. Rxe1 Rhxg4 33. Rxe6 Rg2 0-1

[Event "Challenge"]
[Site "http://www.queenalice.com/game.php?id=871881"]
[Date "2010.12.14"]
[Round "-"]
[White "micha"]
[Black "filomenos"]
[Result "1-0"]
[WhiteElo "2013"]
[BlackElo "1951"]

1. e4 d5 2. e5 g6 3. d4 Bg7 4. Nf3 f6 5. Bb5+ c6 6. Ba4 Nd7 7. O-O fxe5 8. dxe5
Nxe5 9. Nxe5 Bxe5 10. Re1 Qd6 11. g3 Bg7 12. c3 Nf6 13. Bf4 Qd7 14. Be5 O-O 15.
Nd2 Qd8 16. Bxf6 Rxf6 17. Bb3 Qf8 18. Ne4 Rf3 19. Qd2 Kh8 20. Nc5 b6 21. Ne6
Bxe6 22. Rxe6 Rc8 23. Rae1 Rc7 24. Qe2 Rf7 25. Qe3 Bf6 26. a4 Kg7 27. Re2 Qd8
28. g4 g5 29. Bc2 h6 30. Qd3 Qh8 31. R2e3 Rd7 32. Rxc6 e5 33. Qg6+ Kf8 34. Bf5
Rc7 35. Rd6 d4 36. cxd4 Rce7 37. dxe5 Bxe5 38. Qxh6+ Qxh6 39. Rxh6 Bf4 40. Rxe7
Rxe7 41. Rh8+ Kg7 42. Rh7+ Kf8 43. Rxe7 Kxe7 44. h3 Kf6 45. Kg2 a5 46. Kf3 Ke5
47. b3 Kf6 48. h4 Bc1 49. hxg5+ Bxg5 50. Ke4 Ke7 51. f4 Bh6 52. Bh7 Bg7 53. g5
Kd6 54. f5 Bh8 55. f6 Ke6 56. Bg8+ 1-0

[Event "Challenge"]
[Site "http://www.queenalice.com/game.php?id=899130"]
[Date "2011.2.11"]
[Round "-"]
[White "micha"]
[Black "jbinow"]
[Result "0-1"]
[WhiteElo "2041"]
[BlackElo "2015"]

1. e4 d6 2. Nc3 g6 3. Bc4 Bg7 4. Qf3 Nf6 5. h3 Nc6 6. Bb5 Bd7 7. Bxc6 Bxc6 8. d3
Qd7 9. Nge2 b6 10. a4 a5 11. Be3 O-O 12. Bg5 h6 13. Bxf6 Bxf6 14. g4 Bg7 15. Ra2
f5 16. gxf5 Qxf5 17. Qxf5 gxf5 18. f3 e6 19. Rg1 Kh7 20. Kd2 fxe4 21. fxe4 Rf2
22. Nd1 Rh2 23. Rg3 Be5 24. Rf3 Rg8 25. Ke3 Rgg2 26. Nf2 Be8 27. d4 Bg7 28. c3
Bh5 29. Rf4 Kg6 30. b3 Bf6 31. h4 Bxh4 32. Rxh4 Rxh4 33. Nf4+ Rxf4 34. Kxf4 Kg7
35. Rb2 Bf7 36. Kf3 Rg1 37. Nd3 Kf6 38. e5+ Kf5 39. Kf2 Rd1 40. Ke3 Rf1 41. exd6
cxd6 42. b4 Be8 43. bxa5 bxa5 44. Rb8 Bf7 45. Ra8 h5 46. Rxa5+ Kf6 47. Nf4 e5
48. dxe5+ dxe5 49. Nd3 h4 50. Nf2 Bh5 51. Rc5 Re1+ 52. Kd3 Bf3 53. Rc4 Be2+ 54.
Kd2 Bxc4 55. Kxe1 Kf5 56. Nh3 Kg4 57. Nf2+ Kf3 58. Nh3 Kg3 59. Nf2 h3 60. Nxh3
Kxh3 61. Kf2 Kg4 62. Ke3 Kf5 63. Kf3 e4+ 64. Ke3 Ke5 65. a5 Ba6 66. Kd2 Kf4 0-1

[Event "Challenge"]
[Site "http://www.queenalice.com/game.php?id=899132"]
[Date "2011.2.11"]
[Round "-"]
[White "jbinow"]
[Black "micha"]
[Result "0-1"]
[WhiteElo "1967"]
[BlackElo "2027"]

1. e4 e5 2. Nf3 Nc6 3. Bc4 Bc5 4. c3 Qf6 5. d3 h6 6. Be3 d6 7. d4 exd4 8. cxd4
Bb4+ 9. Nc3 a6 10. h3 Qg6 11. e5 dxe5 12. dxe5 Be6 13. Bxe6 Qxe6 14. O-O Nge7
15. Nd5 Nxd5 0-1

[Event "Challenge"]
[Site "http://www.queenalice.com/game.php?id=989330"]
[Date "2011.9.24"]
[Round "-"]
[White "micha"]
[Black "sandro83"]
[Result "1-0"]
[WhiteElo "2039"]
[BlackElo "1985"]

1. e4 e5 2. Nf3 Nf6 3. d3 Nc6 4. Nbd2 d5 5. Qe2 d4 6. Nc4 Bg4 7. h3 Bxf3 8. Qxf3
Bb4+ 9. Kd1 h6 10. Qg3 Qe7 11. Qxg7 O-O-O 12. Qg3 1-0

[Event "Challenge"]
[Site "http://www.queenalice.com/game.php?id=989331"]
[Date "2011.9.24"]
[Round "-"]
[White "sandro83"]
[Black "micha"]
[Result "0-1"]
[WhiteElo "2000"]
[BlackElo "2024"]

1. e4 e5 2. Nf3 d6 3. d4 Bg4 4. dxe5 Bxf3 5. Qxf3 dxe5 6. Bc4 Nf6 7. Bg5 h6 8.
Bxf6 gxf6 9. Nc3 c6 10. Rd1 Nd7 11. Qh5 Qe7 0-1